LEADER 03230nam 22005534a 450 001 9910782228603321 005 20230829000231.0 010 $a0-19-770557-X 010 $a1-280-53458-3 010 $a0-19-803852-6 035 $a(CKB)1000000000550918 035 $a(EBL)422692 035 $a(OCoLC)476258915 035 $a(SSID)ssj0000288712 035 $a(PQKBManifestationID)11207984 035 $a(PQKBTitleCode)TC0000288712 035 $a(PQKBWorkID)10382888 035 $a(PQKB)11682748 035 $a(Au-PeEL)EBL422692 035 $a(CaPaEBR)ebr10271548 035 $a(CaONFJC)MIL53458 035 $a(MiAaPQ)EBC422692 035 $a(EXLCZ)991000000000550918 100 $a20050328d2006 uy 0 101 0 $aeng 135 $aur|n|---||||| 181 $ctxt 182 $cc 183 $acr 200 14$aThe amnesias$b[electronic resource] $ea clinical textbook of memory disorders /$fAndrew C. Papanicolaou ; with Rebecca Billingsley-Marshall ... [et al.] 210 $aOxford ;$aNew York $cOxford University Press$d2006 215 $a1 online resource (337 p.) 300 $aDescription based upon print version of record. 311 $a0-19-517245-0 320 $aIncludes bibliographical references (p. 257-314) and index. 327 $aPhenomena and constructs / Andrew C. Papanicolaou -- Putative brain mechanisms of the various memory function / Pramod K. Dash ... [et al.] -- Age-related memory decline / Alexandra Economou, Panagiotis G. Simos, and Andrew C. Papanicolaou -- Amnesia associated with the dementias / Alexandra Economou, Sokratis G. Papageorgiou, and Andrew C. Papanicolaou -- Semantic amnesia / Andrew C. Papanicolaou ... [et al.] -- Limbic amnesia / Rebecca Billingsley-Marshall, Panagiotis G. Simos, and Andrew C. Papanicolaou -- Traumatic amnesia / Mary H. Kosmidis ... [et al.] -- Transient global amnesia / Panagiotis G. Simos and Andrew C. Papanicolaou -- Transient epileptic amnesia / Mary H. Kosmidis and Andrew.C. Papanicolaou -- Electroconvulsive therapy-induced amnesia / Mary H. Kosmidis and Andrew.C. Papanicolaou -- Psychogenic amnesias / Ioanna Savvidou, Vasilis P. Bozikas, and Andrew C. Papanicolaou -- Notes for a theory of memory / Andrew C. Papanicolaou. 330 $aPreface. 1. Phenomenon and Constructs, Andrew C. Papanicolaou. 2. Putative Cerebral Mechanisms of Memory, Pramod K. Dash, Jason D. Runyan, Sonja Blum, April E. Hebert, Panagiotis G. Simos, Andrew C. Papanicolaou. 3. Age-related Memory Decline, Alexandra Economou, Panagiotis G. Simos, Andrew C. Papanicolaou. 4. Amnesia Associated with the Dementias, Alexandra Economou, Sokratis G. Papageorgiou, Andrew C. Papanicolaou. 5. Semantic Amnesia, Andrew C. Papanicolaou, Rebecca Billingsley-Marshall, David Molfese, Barbara Novak. 6. Limbic Amnesia, Rebecca Billingsley-Marshall, Panagiotis G. Simos, Andr 606 $aMemory disorders 615 0$aMemory disorders. 676 $a616.85/232 700 $aPapanicolaou$b Andrew C$0778610 701 $aBillingsley-Marshall$b Rebecca$01556601 801 0$bMiAaPQ 801 1$bMiAaPQ 801 2$bMiAaPQ 906 $aBOOK 912 $a9910782228603321 996 $aThe amnesias$93819399 997 $aUNINA LEADER 03882nam 22006855 450 001 9910578689603321 005 20251229082815.0 010 $a3-030-85318-7 024 7 $a10.1007/978-3-030-85318-1 035 $a(MiAaPQ)EBC7016580 035 $a(Au-PeEL)EBL7016580 035 $a(CKB)23842929500041 035 $a(PPN)267815484 035 $a(DE-He213)978-3-030-85318-1 035 $a(EXLCZ)9923842929500041 100 $a20220613d2022 u| 0 101 0 $aeng 135 $aurcnu|||||||| 181 $ctxt$2rdacontent 182 $cc$2rdamedia 183 $acr$2rdacarrier 200 10$a15th European Workshop on Advanced Control and Diagnosis (ACD 2019) $eProceedings of the Workshop Held in Bologna, Italy, on November 21?22, 2019 /$fedited by Elena Zattoni, Silvio Simani, Giuseppe Conte 205 $a1st ed. 2022. 210 1$aCham :$cSpringer International Publishing :$cImprint: Springer,$d2022. 215 $a1 online resource (1441 pages) 225 1 $aLecture Notes in Control and Information Sciences - Proceedings,$x2522-5391 311 08$aPrint version: Zattoni, Elena 15th European Workshop on Advanced Control and Diagnosis (ACD 2019) Cham : Springer International Publishing AG,c2022 9783030853174 320 $aIncludes bibliographical references. 327 $aPart I: Plenary Papers -- Part II: Invited Session Papers -- Part III: Contributed Regular Papers -- Part IV: Contributed Work-in-Progress Papers -- Part V: Contributed Industry Papers. 330 $aThis book embodies the proceedings of the 15th European Workshop on Advanced Control and Diagnosis (ACD 2019) held in Bologna, Italy, in November 2019. It features contributed and invited papers from academics and professionals specializing in an important aspect of control and automation. The book discusses current theoretical research developments and open problems and illustrates practical applications and industrial priorities. With a focus on both theory and applications, it spans a wide variety of up-to-date topics in the field of systems and control, including robust control, adaptive control, fault-tolerant control, control reconfiguration, and model-based diagnosis of linear, nonlinear and hybrid systems. As the subject coverage has expanded to include cyber-physical production systems, industrial Internet of Things and sustainability issues, some contributions are of an interdisciplinary nature, involving disciplines related to information and communications technology and environmental sciences. This book is a valuable reference for both academics and professionals working in the area of systems and control, with a focus on advanced control, automation, fault diagnosis and condition monitoring. 410 0$aLecture Notes in Control and Information Sciences - Proceedings,$x2522-5391 606 $aAutomatic control 606 $aSystem theory 606 $aControl theory 606 $aIndustrial engineering 606 $aProduction engineering 606 $aControl and Systems Theory 606 $aSystems Theory, Control 606 $aIndustrial and Production Engineering 615 0$aAutomatic control. 615 0$aSystem theory. 615 0$aControl theory. 615 0$aIndustrial engineering. 615 0$aProduction engineering. 615 14$aControl and Systems Theory. 615 24$aSystems Theory, Control. 615 24$aIndustrial and Production Engineering. 676 $a629.8 676 $a629.8 702 $aZattoni$b Elena 702 $aSimani$b Silvio 702 $aConte$b G. 712 02$aEuropean Workshop on Advanced Control and Diagnosis. 801 0$bMiAaPQ 801 1$bMiAaPQ 801 2$bMiAaPQ 906 $aBOOK 912 $a9910578689603321 996 $a15th European Workshop on Advanced Control and Diagnosis (ACD 2019)$92906114 997 $aUNINA